MARC

LEADER 00000nam0a2200000 4500
001 291652
005 20231102000418.0
020 |a RU  |b 81-11676 
035 |a (RuTPU)RU\TPU\book\316230 
090 |a 291652 
100 |a 20150416d1980 k y0rusy5003 ca 
101 0 |a rus 
102 |a UA 
105 |a a z 001zy 
200 1 |a Динамика и устойчивость механических систем  |e сборник научных трудов  |f Академия наук Украинской ССР (АН УССР), Институт математики ; под ред. И. А. Луковского 
210 |a Киев  |c Изд-во ИМ АН УкрССР  |d 1980 
215 |a 193 с.  |c граф. 
320 |a Библиография в конце статей 
606 1 |a Механические системы  |x Динамика  |2 stltpush  |3 (RuTPU)RU\TPU\subj\67689  |9 83398 
610 1 |a устойчивость, теория 
610 1 |a машины 
610 1 |a механизмы 
610 1 |a твердые тела 
610 1 |a деформируемые тела 
610 1 |a алгоритмы 
610 1 |a метод Ляпунова 
610 1 |a проблема Рауса-Гурвица 
610 1 |a многомерные системы 
610 1 |a погрешности 
610 1 |a инерциальная навигация 
675 |a 621.01:531.3  |z rus  |v 3 
702 1 |a Луковский  |b И. А.  |g Иван Александрович  |4 340 
712 0 2 |a Академия наук Украинской ССР (АН УССР)  |b Институт математики  |2 stltpush  |3 (RuTPU)RU\TPU\col\11281 
801 0 |a RU  |b RuMRKP  |c 19950704  |g psbo 
801 1 |a RU  |b 63413507  |c 20150416 
801 2 |a RU  |b 63413507  |c 20181119  |g RCR 
942 |c BK